Corporate Accounting: Theory and Practice, (Record no. 5598)

MARC details
005 - DATE AND TIME OF LATEST TRANSACTION
control field 20250627112957.0
020 ## - INTERNATIONAL STANDARD BOOK NUMBER
International Standard Book Number 978-93-5084-768-8
082 ## - DEWEY DECIMAL CLASSIFICATION NUMBER
Classification number 657KUM
100 ## - MAIN ENTRY--PERSONAL NAME
Author name SINGH, S. K.
245 ## - TITLE STATEMENT
Title Corporate Accounting: Theory and Practice,
260 ## - PUBLICATION, DISTRIBUTION, ETC.
Place of publication, distribution, etc. New Delhi,
Name of publisher, distributor, etc. CENTRUM PRESS,
Date of publication, distribution, etc. 2015.
300 ## - PHYSICAL DESCRIPTION
Extent viii, 328p,: ill.; figure
Other physical details Bibliography & Index
Dimensions 23cm
942 ## - ADDED ENTRY ELEMENTS (KOHA)
Source of classification or shelving scheme Dewey Decimal Classification
Koha item type Books
Holdings
Date last seen Total checkouts Full call number Barcode Cost, replacement price Price effective from Koha item type Lost status Source of classification or shelving scheme Damaged status Not for loan Withdrawn status Home library Current library Shelving location Date acquired Cost, normal purchase price
06/27/2025   657KUM DOM000231 90000.00 06/27/2025 Books   Dewey Decimal Classification       CBE Dodoma CBE Dodoma General Collection 07/26/2017 30000.00